Arte legal para el estudio de la Iurisprudencia (Record no. 151947)

MARC details
000 -LEADER
campo de control de longitud fija 01252nam a2200241 i 4500
001 - NÚMERO DE CONTROL
campo de control 151947
003 - IDENTIFICADOR DE NÚMERO DE CONTROL
campo de control ES-MaACL
005 - FECHA Y HORA DE LA ÚLTIMA TRANSACCIÓN
campo de control 20250723060842.0
008 - DATOS DE LONGITUD FIJA--INFORMACIÓN GENERAL
campo de control de longitud fija 931025s1633 sp |||| | spa d
040 ## - FUENTE DE CATALOGACIÓN
Centro catalogador/agencia de origen PAB
Lengua de catalogación spa
Centro/agencia transcriptor CCPB
100 1# - ENTRADA PRINCIPAL--NOMBRE DE PERSONA
Nombre de persona Bermúdez de Pedraza, Francisco.
9 (RLIN) 28145
245 10 - MENCIÓN DEL TÍTULO
Título Arte legal para el estudio de la Iurisprudencia
Resto del título : nuevamente corregido y añadido en esta segunda edicion : con declaracion de las rubricas de los diez y seis libros del Emperador Iustiniano /
Mención de responsabilidad, etc. por ... Francisco Vermudez de Pedraça...
260 ## - PUBLICACIÓN, DISTRIBUCIÓN, ETC.
Lugar de publicación, distribución, etc. En Madrid :
Nombre del editor, distribuidor, etc. por Francisco Martínez :
-- a costa de Domingo Gonçalez ...,
Fecha de publicación, distribución, etc. 1633.
300 ## - DESCRIPCIÓN FÍSICA
Extensión [8], 164, [12], 228 [i.e. 328] p. ;
Dimensiones 4º.
505 8# - NOTA DE CONTENIDO CON FORMATO
Nota de contenido con formato Paratitla y exposicion a los titulos de los Quatro libros de las Instituciones de Iustiniano ..., con port. y pag. propias
530 ## - NOTA DISPONIBLE DE FORMULARIO FÍSICO ADICIONAL
Nota de formato físico adicional disponible Disponible en formato digital.
597 ## - NOTA DE DESCRIPCIÓN FÍSICA
NOTA DE DESCRIPCIÓN FÍSICA Sign.: ¶4, A-K8, L², m6, M-Z8, 2A-2H8, I4.
630 07 - PUNTO DE ACCESO ADICIONAL DE MATERIA--TÍTULO UNIFORME
Título uniforme Corpus juris civilis
Fuente del encabezamiento o término
9 (RLIN) 135269
650 #4 - PUNTO DE ACCESO ADICIONAL DE MATERIA--TÉRMINO DE MATERIA
Término de materia o nombre geográfico como elemento de entrada Jurisprudencia.
9 (RLIN) 14031
852 ## - LOCALIZACIÓN
Ubicación ES-MaACL
Número de control de estantería R-892
Nota libre -- Enc. perg.
Encuadernación -- Edic.: error tip. en última p.
-- Olim: G-1261
856 ## - LOCALIZACIÓN Y ACCESO ELECTRÓNICOS
Identificador Uniforme de Recursos <a href="http://bdh-rd.bne.es/viewer.vm?id=0000112011&page=1 ">http://bdh-rd.bne.es/viewer.vm?id=0000112011&page=1 </a>
Nota pública Biblioteca Digital Hispánica
Holdings
Estatus retirado Estado de pérdida Estado de daño No para préstamo Colección Biblioteca de origen Biblioteca actual Ubicación en estantería Fecha de adquisición Fuente de adquisición Total de préstamos Signatura topográfica completa Código de barras Visto por última vez Precio de reemplazo Tipo de ítem Koha
        Colección digital Biblioteca del Ateneo de Madrid Biblioteca del Ateneo de Madrid Depósito 17/01/2008     R-892 1158602 23/02/2023 23/02/2023 Libro impreso antiguo